00486nam a22001691a 45000010005000000030004000050050017000090080041000260500019000670820019000861000031001052450084001362500006002202640027002263000011002536500052002641239OSt20260204211726.0040117s1997||||dr ||||||b||||||||||spa|| aRD 322.1 P438i aRD 322.1 P438i aPérez Memén, Fernandez aLa iglesia y el estado en Santo Domingo (1700-1853) / Fernandez Pérez Memén a2 aSanto Domingo : Taller a730 p. a1.Iglesia y Estado en República DominicanaÌ